00863nam a22002417a 4500003000500000005001700005008004100022010000900063011000900072035000900081040000900090100003400099245018500133260004000318300000900358502008100367650005300448650001700501650003000518650002100548650002400569650002800593CHAP20220817041201.0971013s1993 r 00010 d a8109 a9081 a8315 cCHAP00aGonzález Lastra, Heliodoro. aUso de semillas mejoradas como alternativa para la substitución de frijol variedad ojo de cabra, en el Distrito de Desarrollo Rural 06 Cuauhtemoc delegación Chihuahua, S.A.R.H. aChapingo, Méx. :bEl autor,c1993 a53 h aTesis (Ing. Agr. Esp. en Zonas Aridas) -- UACH. Departamento de Zonas Aridas14aDistrito de Desarrollo Rural Cuauhtémoc, Chih.14aFenología.14aFrijolxEfecto del clima.14aFrijolxSemilla.14aFrijolxVariedades.14aSemillasxMejoramiento.